000 01658nam2a22003131 4500
001 rc\3332574
005 20250609213552.0
035 _a(NLR Aleph) 007513729
090 _a7703724
_c7703724
100 _a20130115d1969 |||y0rusy50 ca
101 0 _arus
102 _aRU
105 _aab z |||||
200 1 _aИстория
_fИзд. подгот. Г.С. Кнабе [и др.
_gКоммент. Г.С. Кнабе]
210 _aЛенинград
_cНаука. Ленингр. отд-ние
_d1969
215 _a370 с., 2 л. табл., карт.
320 _aАннот. указатель собств. имен. геогр. и этн. назв.: с. 300-369
320 _aБиблиогр. в примеч.: с. 248
327 0 _aВ прил.: Корнелий Тацит / И. Тронский
461 0 _1001rc\3332572
_12001#$aСочинения$eВ 2 т.$e[Перевод$fОтв. ред. С.Л. Утченко]$g[АН СССР. Т. 1-2$vТ. 2
_1700#1$aТацит$bК.$gКорнелий
_97703719
_aТацит, К.
_cЛенинград
_d1969
_fОтв. ред. С.Л. Утченко]
_nНаука. Ленингр. отд-ние
_oВ 2 т. : [Перевод
_p2 т.
_tСочинения
_vТ. 2
464 0 _12001#$aКорнелий Тацит
_1700#1$aТронский$bИ. М.$f1897-1970$gИосиф Моисеевич$3RU\NLR\AUTH\770211332
_tКорнелий Тацит
_aТронский, Иосиф Моисеевич (1897-1970)
702 1 _aКнабе
_bГ.С.
_4212
801 0 _aRU
_bNLR
_gpsbo
801 1 _aRU
_bELAR
_2rusmarc
852 _aNLR
_j69-5/2233
852 _aNLR
_jМф К1/7666-1-2
942 _cBOOK
980 _aNB